[Event "NATO-ch 33rd"]
[Site "Portoroz"]
[Date "2023.09.08"]
[Round "7"]
[White "Kedzierski, Slawomir"]
[Black "Valeinis, Janis"]
[Result "0-1"]
[WhiteElo "2021"]
[BlackElo "2178"]
[PlyCount "100"]
[EventDate "2023.09.04"]
[EventType "swiss"]
[EventRounds "7"]
[EventCountry "SLO"]
[SourceTitle "EXT 2024"]
[Source "ChessBase"]
[SourceDate "2023.10.10"]
[SourceVersion "1"]
[SourceVersionDate "2023.10.10"]
[SourceQuality "1"]

1. d4 Nf6 2. Nf3 g6 3. c4 Bg7 4. Nc3 0-0 5. e4 d6 6. Be2 e5 7. d5 a5 8. 0-0 Na6 9. Qc2 Nh5 10. g3 Qe8 11. Nh4 Nf6 12. b3 Ng4 13. Bd2 f5 14. f3 Nh6 15. Ng2 Qe7 16. a3 Bd7 17. Rab1 Nc5 18. b4 axb4 19. axb4 Na4 20. Ra1 Nxc3 21. Qxc3 b6 22. Rxa8 Rxa8 23. Ra1 Qf8 24. Ra3 fxe4 25. fxe4 Ng4 26. Be1 Bh6 27. Qa1 Rxa3 28. Qxa3 Bd2 29. Bxg4 Bxe1 30. Nxe1 Bxg4 31. Qe3 Kg7 32. Kg2 h6 33. h3 Bd7 34. b5 Qa8 35. Qe2 Qa1 36. g4 Qc1 37. Nf3 Qf4 38. Qe1 h5 39. gxh5 Bxh3+ 40. Kxh3 Qxf3+ 41. Kh2 Qxh5+ 42. Kg2 Qg4+ 43. Kh2 g5 44. Qa1 Qxe4 45. Qa7 Qxc4 46. Qb8 Qf4+ 47. Kg2 Qf7 48. Kg3 e4 49. Qd8 Kg6 50. Kg4 Qf3# 0-1

[Event "NATO-ch 32nd"]
[Site "Tartu"]
[Date "2022.06.30"]
[Round "5"]
[White "Valeinis, Janis"]
[Black "Pietruszewski, Marcin"]
[Result "1/2-1/2"]
[WhiteElo "2176"]
[BlackElo "2195"]
[PlyCount "44"]
[EventDate "2022.06.27"]
[EventType "swiss"]
[EventRounds "7"]
[EventCountry "EST"]
[SourceTitle "CBM 209 Extra"]
[Source "ChessBase"]
[SourceDate "2022.09.30"]
[SourceVersion "1"]
[SourceVersionDate "2022.09.30"]
[SourceQuality "1"]

1. Nf3 Nf6 2. g3 c5 3. Bg2 Nc6 4. 0-0 g6 5. d3 Bg7 6. e4 d6 7. h3 0-0 8. Re1 e5 9. Be3 b6 10. Qc1 Re8 11. Bh6 Bh8 12. Bg5 Be6 13. c4 Rb8 14. Nc3 a6 15. Nd5 b5 16. b3 Rb7 17. Qd2 Bg7 18. Rab1 Nb8 19. Nh2 Nc6 20. Nf3 Nb8 21. Nh2 Nc6 22. Nf3 Nb8 1/2-1/2

[Event "NATO-ch 31st"]
[Site "Blankenberge"]
[Date "2021.10.12"]
[Round "2.15"]
[White "Koopmeiners, Karl"]
[Black "Valeinis, Janis"]
[Result "0-1"]
[WhiteElo "1968"]
[BlackElo "2182"]
[PlyCount "64"]
[EventDate "2021.10.11"]
[EventType "team-swiss"]
[EventRounds "7"]
[EventCountry "BEL"]
[SourceTitle "CBM 204 Extra"]
[Source "ChessBase"]
[SourceDate "2021.11.30"]
[SourceVersion "1"]
[SourceVersionDate "2021.11.30"]
[SourceQuality "1"]
[WhiteTeam "NATO LTM"]
[BlackTeam "Latvia"]
[BlackTeamCountry "LAT"]

1. d4 d5 2. c4 e6 3. Nf3 a6 4. cxd5 exd5 5. Nc3 h6 6. Bf4 Nf6 7. e3 Bd6 8. Bxd6 Qxd6 9. h3 Be6 10. Bd3 Nbd7 11. Rc1 0-0 12. 0-0 c5 13. Bb1 Rfd8 14. Qe2 Rac8 15. Rfd1 c4 16. Nd2 Qb4 17. e4 dxe4 18. Ndxe4 Nd5 19. Nxd5 Bxd5 20. Qh5 Bxe4 21. Bxe4 Nf6 22. Qf3 Nxe4 23. Qxe4 b5 24. Qc2 Rd5 25. a3 Qd6 26. Qc3 Rd8 27. a4 Rxd4 28. Rxd4 Qxd4 29. axb5 axb5 30. b3 Qxc3 31. Rxc3 Rd1+ 32. Kh2 Rd3 0-1

[Event "NATO-ch 30th"]
[Site "Berlin"]
[Date "2019.09.17"]
[Round "2.9"]
[White "Fichtner, Ewald"]
[Black "Valeinis, Janis"]
[Result "1-0"]
[WhiteElo "2046"]
[BlackElo "2206"]
[PlyCount "103"]
[EventDate "2019.09.14"]
[EventType "team-swiss"]
[EventRounds "7"]
[EventCountry "GER"]
[SourceTitle "EXT 2020"]
[Source "ChessBase"]
[SourceDate "2019.10.17"]
[SourceVersion "1"]
[SourceVersionDate "2019.10.17"]
[SourceQuality "1"]
[WhiteTeam "NATO II"]
[BlackTeam "Latvia"]
[BlackTeamCountry "LAT"]

1. d4 d5 2. Bf4 Nf6 3. e3 c5 4. c3 Nc6 5. Nd2 Qb6 6. Qb3 c4 7. Qc2 Bg4 8. b3 cxb3 9. axb3 e6 10. Ngf3 Rc8 11. Qb2 Be7 12. h3 Bxf3 13. gxf3 Nh5 14. Bh2 g6 15. Be2 a6 16. 0-0 0-0 17. Rfb1 Qd8 18. c4 Bd6 19. f4 Qh4 20. Kg2 Nf6 21. Bg3 Qh6 22. c5 Bb8 23. b4 Ne7 24. b5 axb5 25. Qxb5 Nf5 26. Bg4 Rc7 27. Qe2 Nxg3 28. fxg3 Nd7 29. Rb2 f5 30. Bf3 g5 31. Rab1 b6 32. cxb6 Rcc8 33. Qb5 Nf6 34. Be2 Kh8 35. Rh1 gxf4 36. exf4 Rc3 37. Rb3 Rc2 38. Qd3 Rc6 39. Qe3 Rg8 40. Kf2 Rc2 41. Bf3 Bd6 42. h4 e5 43. fxe5 Rxd2+ 44. Ke1 Qxe3+ 45. Rxe3 Bb4 46. exf6 Ra8 47. Re2 Ra1+ 48. Kf2 Rxe2+ 49. Kxe2 Ra6 50. b7 Ra2+ 51. Ke3 Bd6 52. Rc1 1-0

[Event "EU-ch rapid"]
[Site "Katowice"]
[Date "2017.12.16"]
[Round "6"]
[White "Valeinis, Janis"]
[Black "Feuerstack, Aljoscha"]
[Result "0-1"]
[WhiteElo "2227"]
[BlackElo "2438"]
[PlyCount "64"]
[EventDate "2017.12.16"]
[EventType "swiss (rapid)"]
[EventRounds "11"]
[EventCountry "POL"]
[SourceTitle "CBM 182 Extra"]
[Source "ChessBase"]
[SourceDate "2018.02.23"]
[SourceVersion "1"]
[SourceVersionDate "2018.02.23"]
[SourceQuality "1"]

1. Nf3 d5 2. g3 c6 3. Bg2 Bf5 4. 0-0 e6 5. d3 h6 6. c4 Nf6 7. b3 Bc5 8. Bb2 0-0 9. Nbd2 Nbd7 10. a3 a5 11. Ne5 Nxe5 12. Bxe5 Re8 13. Nf3 Ng4 14. Bd4 Bf8 15. h3 Nf6 16. Qc2 c5 17. Bb2 d4 18. Nd2 Ra7 19. Ne4 Nd7 20. b4 b6 21. Rfb1 e5 22. Bc1 axb4 23. axb4 Rxa1 24. Rxa1 cxb4 25. Bd2 Be6 26. g4 Nc5 27. Bxb4 Nxe4 28. Bxf8 Nxf2 29. Kxf2 Rxf8 30. Ra8 Qh4+ 31. Kg1 Rxa8 32. Bxa8 Qxh3 0-1

[Event "EU-ch blitz"]
[Site "Katowice"]
[Date "2017.12.15"]
[Round "22"]
[White "Kreisl, Robert"]
[Black "Valeinis, Janis"]
[Result "1-0"]
[WhiteElo "2440"]
[BlackElo "2227"]
[PlyCount "42"]
[EventDate "2017.12.15"]
[EventType "swiss (blitz)"]
[EventRounds "22"]
[EventCountry "POL"]
[SourceTitle "CBM 182 Extra"]
[Source "ChessBase"]
[SourceDate "2018.02.23"]
[SourceVersion "1"]
[SourceVersionDate "2018.02.23"]
[SourceQuality "1"]

1. Nf3 Nf6 2. g3 g6 3. b3 Bg7 4. Bb2 0-0 5. Bg2 d6 6. d4 Nbd7 7. 0-0 Re8 8. c4 e5 9. dxe5 Ng4 10. Nc3 Ngxe5 11. Qd2 Nxf3+ 12. exf3 Nc5 13. Rfe1 Bf5 14. Rxe8+ Qxe8 15. Re1 Qd7 16. Nd5 Re8 17. Bxg7 Rxe1+ 18. Qxe1 Kxg7 19. Qc3+ Kh6 20. g4 Be6 21. g5+ Kh5 1-0

[Event "NATO-ch 28th"]
[Site "Budapest"]
[Date "2017.03.31"]
[Round "7"]
[White "Valeinis, Janis"]
[Black "Rosenkilde, Alexander"]
[Result "1/2-1/2"]
[WhiteElo "2214"]
[BlackElo "2246"]
[PlyCount "87"]
[EventDate "2017.03.27"]
[EventType "swiss"]
[EventRounds "7"]
[EventCountry "HUN"]
[SourceTitle "CBM 177 Extra"]
[Source "ChessBase"]
[SourceDate "2017.04.27"]
[SourceVersion "1"]
[SourceVersionDate "2017.04.27"]
[SourceQuality "1"]

1. e4 c5 2. Nf3 Nc6 3. d4 cxd4 4. Nxd4 Nf6 5. Nc3 e5 6. Ndb5 d6 7. Bg5 a6 8. Na3 b5 9. Nd5 Be7 10. Bxf6 Bxf6 11. c4 b4 12. Nc2 a5 13. Qf3 Bg5 14. h4 Bh6 15. g4 Bf4 16. Nxf4 Qf6 17. 0-0-0 Bb7 18. Be2 Qxf4+ 19. Qxf4 exf4 20. Rxd6 Ne5 21. f3 Ke7 22. Rd2 Rhd8 23. Nd4 g6 24. Rhd1 Rac8 25. b3 Rd7 26. Nc2 Rcd8 27. Rxd7+ Rxd7 28. Rxd7+ Kxd7 29. a3 bxa3 30. g5 f6 31. gxf6 Ke6 32. Nxa3 Kxf6 33. Kd2 g5 34. hxg5+ Kxg5 35. Ke1 Bc8 36. Nc2 Nc6 37. Kf2 Kf6 38. Ne1 Nd4 39. Bd1 Nc6 40. Nd3 Kg5 41. Kg2 h5 42. Nf2 Kf6 43. Nd3 Kg5 44. Nf2 1/2-1/2

[Event "NATO-ch 28th"]
[Site "Budapest"]
[Date "2017.03.28"]
[Round "2"]
[White "Casteleijn, Diederick"]
[Black "Valeinis, Janis"]
[Result "0-1"]
[WhiteElo "2048"]
[BlackElo "2214"]
[PlyCount "54"]
[EventDate "2017.03.27"]
[EventType "swiss"]
[EventRounds "7"]
[EventCountry "HUN"]
[SourceTitle "CBM 177 Extra"]
[Source "ChessBase"]
[SourceDate "2017.04.27"]
[SourceVersion "1"]
[SourceVersionDate "2017.04.27"]
[SourceQuality "1"]

1. e4 e5 2. Nf3 Nc6 3. Bc4 Nf6 4. d3 h6 5. c3 g6 6. h3 Bg7 7. Bb3 0-0 8. Nbd2 d5 9. Qe2 Be6 10. Bc2 Nh5 11. g3 Qd7 12. Nb3 b6 13. Bd2 a5 14. a4 Rad8 15. Nh2 Ne7 16. g4 dxe4 17. dxe4 Nf4 18. Bxf4 exf4 19. 0-0 Nc6 20. Rfd1 Qe7 21. Nf3 Ne5 22. Nxe5 Bxe5 23. Nd4 Bd7 24. Rd2 h5 25. Nf3 hxg4 26. Nxe5 Qxe5 27. hxg4 Bxg4 0-1

[Event "NATO-ch 28th"]
[Site "Budapest"]
[Date "2017.03.27"]
[Round "1"]
[White "Valeinis, Janis"]
[Black "Sherpa, Ngadi"]
[Result "1-0"]
[WhiteElo "2214"]
[BlackElo "1863"]
[PlyCount "111"]
[EventDate "2017.03.27"]
[EventType "swiss"]
[EventRounds "7"]
[EventCountry "HUN"]
[SourceTitle "CBM 177 Extra"]
[Source "ChessBase"]
[SourceDate "2017.04.27"]
[SourceVersion "1"]
[SourceVersionDate "2017.04.27"]
[SourceQuality "1"]

1. d4 d5 2. c4 c6 3. Nf3 Nf6 4. e3 g6 5. Bd3 Bg7 6. 0-0 0-0 7. Nbd2 Bg4 8. h3 Bc8 9. e4 dxe4 10. Nxe4 Na6 11. Be3 Be6 12. Neg5 Bd7 13. a3 Qc8 14. Qc2 Nc7 15. Rfe1 a6 16. Bf4 e6 17. Be5 Nce8 18. Ne4 Nxe4 19. Bxg7 Kxg7 20. Bxe4 Rb8 21. Ne5 Qc7 22. Re3 Nf6 23. c5 Rbd8 24. Rd1 Bc8 25. Nc4 Nxe4 26. Qxe4 f5 27. Qe5+ Qxe5 28. Rxe5 Kf6 29. b4 Rd5 30. f4 h6 31. Kf2 g5 32. g3 Ke7 33. a4 Kf6 34. Ree1 Rdd8 35. Ke3 Rf7 36. Rb1 Rg7 37. Rg1 Bd7 38. g4 Be8 39. Nd6 Bg6 40. Rbf1 Rdg8 41. Rf2 Re7 42. fxg5+ hxg5 43. Ne4+ Kg7 44. Nxg5 fxg4 45. Rxg4 e5 46. dxe5 Rxe5+ 47. Kf4 Rge8 48. Kg3 Re3+ 49. Rf3 Kh6 50. Rxe3 Rxe3+ 51. Kf4 Re7 52. Nf3 Bh5 53. Rg3 Rf7+ 54. Ke3 Rf5 55. Ke4 Bg6 56. Rxg6+ 1-0